000
00280nam a2200109Ia 4500
008
200302s9999 xx 000 0 und d
100
_a
William S. W. Lim
245
_a
Public space in urban Asia
260
_b
World Scintific Publishing Co. Pvt. Ltd
260
_c
2014
300
_a
271
999
_c
5906
_d
5906